Perspectives on legal aid : an international survey /

Bibliographic Details
Format: Book
Language:English
Published: Westport, Conn. : Greenwood Press, 1979.
Subjects:

MARC

Tag First Indicator Second Indicator Subfields
LEADER 00000cam a22000008i 4500
001 in00000244021
005 20151009085934.0
008 790124s1979 ctu b 00000 eng
010 |a  79000883  
020 |a 0313209863 
035 |a (OCoLC)04638281 
035 |9 ABA2763AM 
040 |a DLC  |c DLC  |d TXA  |d UtOrBLW 
049 |a TXAM  |c [1189221] 
050 0 0 |a K133  |b .P47 
082 0 |a 362.5/8 
245 0 0 |a Perspectives on legal aid :  |b an international survey /  |c edited by Frederick H. Zemans. 
263 |a 7906 
264 1 |a Westport, Conn. :  |b Greenwood Press,  |c 1979. 
300 |a 363 pages ;  |c 22 cm. 
336 |a text  |b txt  |2 rdacontent 
337 |a unmediated  |b n  |2 rdamedia 
338 |a volume  |b nc  |2 rdacarrier 
504 |a Includes bibliographical references. 
600 1 0 |a Zemans, Frederick H. 
650 0 |a Legal aid. 
999 |a MARS 
999 f f |s 61422fa4-1a2e-33c7-81af-09ab203e4a1f  |i 436c7fcd-fe9f-3538-a416-436c1efdbc5f  |t 0 
952 f f |p ric  |a Texas A&M University  |b Rellis Campus  |c Joint Library Facility  |d Remote Storage  |t 0  |e K133 .P47  |h Library of Congress classification  |i unmediated -- volume  |m A14803148456 
998 f f |a K133 .P47  |t 0  |l Remote Storage